Statistiques concernant Pays d'Europe à l'envers

Cliquez ici pour prendre le quiz!

Statistiques générales

  • Ce quiz a été pris 100 fois
    (70 depuis la dernière actualisation)
  • Le résultat moyen est 33 sur 45

Statistiques - réponses

Réponse% Correct
ecnarf
98%
essius
86%
lagutrop
86%
engamella
84%
engapse
84%
eilati
83%
eissur
83%
errodna
83%
inu-emuayor
83%
ednalri
81%
engolop
81%
euqigleb
81%
ecerg
76%
edeus
76%
egevron
76%
einabla
76%
einotse
76%
kramenad
75%
nacitav
75%
ocanom
75%
ehcirtua
73%
eirgnoh
73%
eniarku
73%
ednalnif
71%
einautil
71%
einottel
71%
sab-syap
71%
ednalsi
70%
eibres
70%
etlam
70%
einevols
68%
eissuroleib
68%
eitaorc
68%
enivogezreh einsob
68%
ovosok
68%
eiuqavols
67%
einamuor
65%
eiraglub
65%
eivadlom
65%
dron ud eniodecam
63%
gruobmexul
63%
niram-tnias
63%
orgenetnom
63%
euqehct euqilbuper
62%
nietsnethceil
60%

Distribution des résultats

Percentile par nombre de réponses

% des personnes avec chaque résultat

Votre développement - résultats

Vous n’avez pas pris ce quiz depuis la dernière actualisation